Statistiken für Tabellenführer der Fußball-Bundesliga

Klicken Sie hier um das Quiz zu spielen!

Allgemein

  • Dieses Quiz wurde 826 mal gespielt
  • Das Durchschnittsergebnis liegt bei 22 aus 34

Antwortstatistiken

Anzahl SpieltageVereine% Korrekt
176Borussia Dortmund
100%
880FC Bayern München
100%
102Hamburger SV
95%
59FC Schalke 04
92%
130Werder Bremen
92%
57VfB Stuttgart
90%
104Bayer 04 Leverkusen
88%
14RB Leipzig
88%
139Borussia Mönchengladbach
87%
821. FC Köln
85%
55Eintracht Frankfurt
84%
16Hertha BSC
84%
23VfL Wolfsburg
79%
2SC Freiburg
77%
911. FC Kaiserslautern
75%
361. FC Nürnberg
75%
81. FC Union Berlin
69%
16TSG 1899 Hoffenheim
68%
61. FSV Mainz 05
66%
4Hannover 96
64%
3VfL Bochum
62%
17TSV 1860 München
58%
5Fortuna Düsseldorf
56%
34Eintracht Braunschweig
51%
1FC St. Pauli
45%
4Karlsruher SC
44%
3Arminia Bielefeld
43%
1SC Paderborn 07
40%
3MSV Duisburg
39%
2Rot-Weiss Essen
39%
5Hansa Rostock
38%
6Bayer 05 Uerdingen
21%
5Kickers Offenbach
21%
2Rot-Weiß Oberhausen
19%

Verteilung der Resultate

Perzentil nach korrekt beantworteten Fragen

Anzahl Personen mit jedem Resultat

Ihre Resultats-Entwicklung

Sie haben dieses Quiz noch nicht gespielt